| 000 | 00473nam a2200181Ia 4500 | ||
|---|---|---|---|
| 003 | LK-CoDNM | ||
| 005 | 20240924131209.0 | ||
| 008 | 010623t1961 xxu||||| |||| 00| 1 eng d | ||
| 040 |
_aLK-CoDNM _dLK-CoDNM _eLK-CoDNM |
||
| 041 | _aeng | ||
| 080 |
_a15 _bK14.1 |
||
| 100 | _aCooray,P.G. | ||
| 245 | _aGeology of the Country Around Rangala | ||
| 260 |
_bGovernment Press _aColombo _c1961 |
||
| 300 | _bxi, 138p. : 2maps,ill ; 24 cm | ||
| 650 | _aGeology | ||
| 942 | _cBK | ||
| 999 |
_c105568 _d105568 |
||